arthropod pests and natural enemies on cashew tree in steungtrang district, kampongcham province (ប្រភេទសត្វល្អិតនៅលើដំណាំស្វាយចន្ទីក្នុងស្រុកស្ទឹងត្រង់ ខេត្តកំពង់ចាម) (Record no. 909)

000 -LEADER
fixed length control field 00652nam a22001337a 4500
040 ## - CATALOGING SOURCE
Transcribing agency RUA
082 ## - DEWEY DECIMAL CLASSIFICATION NUMBER
Classification number AGR MEY 2009 B041 Or.1
100 ## - MAIN ENTRY--AUTHOR NAME
Personal name MEY, VEATA.
245 ## - TITLE STATEMENT
Title arthropod pests and natural enemies on cashew tree in steungtrang district, kampongcham province (ប្រភេទសត្វល្អិតនៅលើដំណាំស្វាយចន្ទីក្នុងស្រុកស្ទឹងត្រង់ ខេត្តកំពង់ចាម)
260 ## - PUBLICATION, DISTRIBUTION, ETC. (IMPRINT)
Place of publication Phnom Penh
Name of publisher RUA
Year of publication 2009
300 ## - PHYSICAL DESCRIPTION
Number of Pages xii, 69p.
Other physical details ill.
Dimensions 29cm.
856 ## - ELECTRONIC LOCATION AND ACCESS
Uniform Resource Identifier https://drive.google.com/file/d/1HKqsWNvCxJKpRFvr24eS8bn4ibni6YwZ/view?usp=sharing
942 ## - ADDED ENTRY ELEMENTS (KOHA)
Koha item type AGR
952 ## - LOCATION AND ITEM INFORMATION (KOHA)
Withdrawn status [LOCAL, KOHA] 0
952 ## - LOCATION AND ITEM INFORMATION (KOHA)
Withdrawn status [LOCAL, KOHA] 0
952 ## - LOCATION AND ITEM INFORMATION (KOHA)
Withdrawn status [LOCAL, KOHA] 0
952 ## - LOCATION AND ITEM INFORMATION (KOHA)
Withdrawn status [LOCAL, KOHA] 0
952 ## - LOCATION AND ITEM INFORMATION (KOHA)
Withdrawn status [LOCAL, KOHA] 0
952 ## - LOCATION AND ITEM INFORMATION (KOHA)
Withdrawn status [LOCAL, KOHA] 0
952 ## - LOCATION AND ITEM INFORMATION (KOHA)
Withdrawn status [LOCAL, KOHA] 0
952 ## - LOCATION AND ITEM INFORMATION (KOHA)
Withdrawn status [LOCAL, KOHA] 0
952 ## - LOCATION AND ITEM INFORMATION (KOHA)
Withdrawn status [LOCAL, KOHA] 0
952 ## - LOCATION AND ITEM INFORMATION (KOHA)
Withdrawn status [LOCAL, KOHA] 0
Holdings
Permanent Location Date acquired Koha item type Lost status Shelving location Barcode Current Location Full call number
Library Block B2015-09-20AGR B041RUA000718Library Block BAGR MEY 2009 B041 Or.1
Library Block B2015-09-20AGR B041RUA000864Library Block BAGR MEY 2009 B041 Or.2
Library Block B2015-09-20AGR B041RUA000719Library Block BAGR MEY 2009 B041 Or.3
Library Block B2015-09-20AGR B041RUA000648Library Block BAGR MEY 2009 B041 Or.4
Library Block B2015-09-20AGR B041RUA000723Library Block BAGR MEY 2009 B041 Or.5
Library Block B2015-09-20AGR B041RUA000982Library Block BAGR MEY 2009 B041 Or.6
Library Block B2015-09-21AGR B041RUA000964Library Block BAGR MEY 2009 B041 Or.7
Library Block B2015-09-21AGR B041RUA000893Library Block BAGR MEY 2009 B041 Or.8
Library Block B2015-09-21AGR B041RUA000885Library Block BAGR MEY 2009 B041 Or.9
Library Block B2019-02-11AGR B1.218A40767Library Block BAGR MEY 2009 B.218 Or.1
មជ្ឈមណ្ឌលឯការនៃសាកលវិទ្យាល័យភូមិន្ទកសិកម្មចំការដូង

Powered by Koha